Những mẩu chuyện lịch sử
Gespeichert in:
| 1. Verfasser: | |
|---|---|
| Format: | Buch |
| Sprache: | Undetermined |
| Veröffentlicht: |
Hà Nội
Giáo dụci
1969
|
| Schlagworte: | |
| Tags: |
Tag hinzufügen
Keine Tags, Fügen Sie den ersten Tag hinzu!
|
| Thư viện lưu trữ: | Trung tâm Học liệu Trường Đại học Cần Thơ |
|---|
| LEADER | 00488nam a2200169Ia 4500 | ||
|---|---|---|---|
| 001 | CTU_46182 | ||
| 008 | 210402s9999 xx 000 0 und d | ||
| 082 | |a 959.7 | ||
| 082 | |b L120/T2 | ||
| 100 | |a Đinh Xuân Lâm | ||
| 245 | 0 | |a Những mẩu chuyện lịch sử | |
| 245 | 0 | |c Đinh Xuân Lâm | |
| 260 | |a Hà Nội | ||
| 260 | |b Giáo dụci | ||
| 260 | |c 1969 | ||
| 650 | |a vietnam - history - 19th century | ||
| 980 | |a Trung tâm Học liệu Trường Đại học Cần Thơ | ||